Top 10 des Clubs Avec le plus de points en Ligue 1(France) - Statistiques

Statistiques générales
  • Ce quiz a été pris 125 fois
    123 depuis la dernière actualisation
  • Le résultat moyen est 11 sur 12
Statistiques - réponses
Points Clubs % Correct
2766 Lyon / OL
100%
3099 Marseille / OM
100%
2403 PSG / Paris
100%
2758 Lille / LOSC
95%
2859 Monaco / ASM
93%
2879 Bordeaux
92%
2363 Rennes
91%
2810 Saint Etienne / St Etienne / ASSE
91%
2439 Nice
89%
2373 Lens / RCL
87%
2343 Nantes
86%
2328 ♥️ Sochaux / FCSM
59%
Aucun quiz correspondant
Distribution des résultats
% des personnes avec chaque résultat
Percentile par nombre de réponses
Votre historique - résultats
Vous n’avez pas pris ce quiz depuis la dernière actualisation